[Event "Bundesliga 0203"]
[Site "Germany"]
[Date "2003.02.09"]
[Round "11.5"]
[White "Gallagher, Joseph G"]
[Black "Dirr, Ulrich"]
[Result "1/2-1/2"]
[WhiteElo "2540"]
[BlackElo "2322"]
[Annotator "Gallagher/Meyer,CD"]
[PlyCount "87"]
[EventDate "2002.10.19"]
[EventType "team-tourn"]
[EventRounds "15"]
[EventCountry "GER"]
[SourceTitle "CBM 094"]
[Source "ChessBase"]
[SourceDate "2003.05.26"]
[SourceVersion "1"]
[SourceVersionDate "2003.05.26"]
[SourceQuality "1"]
[WhiteTeam "Werder Bremen"]
[BlackTeam "Plauen"]
[WhiteTeamCountry "GER"]
[BlackTeamCountry "GER"]

1. e4 e6 2. d4 d5 3. Nd2 Nf6 4. e5 Nfd7 5. c3 c5 6. Bd3 Nc6 7. Ne2 cxd4 8. cxd4
f6 9. exf6 Qxf6 10. Nf3 h6 11. O-O Bd6 12. Ng3 O-O 13. Bc2 Rf7 $5 {Nearly
everbody plays Rd8 but the position seems quite good for White:} (13... Rd8 14.
Re1 Nf8 15. Ne5 $1 Qh4 {/Bd7} (15... Nxe5 $4 16. dxe5 Bxe5 17. Nh5) (15... Bxe5
$6 16. dxe5 Qh4 17. Nh5 $1 Rd7 (17... Bd7 18. Re3 {mit Angriff;} {Plan} Be8 19.
Nxg7 $1) (17... Qd4 $5 18. Bd2 {oder 18.Qe2 jeweils mit Initiative}) 18. Re3 (
18. Nf4 $5) 18... Rf7 19. f4 Qd8 (19... Qe7 $5) 20. Rg3 Ne7 $4 (20... Kh8 21.
Be3 $16) 21. Nf6+ {- 1:0, Tiviakov - Hertneck, EU-chT 2001, Tiviakov/CBM -} {
21...} Kh8 22. Qh5) 16. f4 $14) 14. Be3 $6 {This is a rather passive, early
Sunday morning move.} ({After} 14. Re1 {the Ne5 plan is obviously no longer
possible as Pf2 will be en prise. Perhaps the key test of 13...Rf7 is}) (14.
Nh5 $5 {, z.B.:} Qe7 (14... Qd8 15. Bg6 Re7 16. Bf4 $14) 15. Re1 (15. Bg6 Rf8 (
15... Rxf3 $6 16. Qxf3 Nf8 17. Bd3 Nxd4 18. Qd1 e5 19. Ng3) 16. Re1 Nb6 {
unklar, Plan Bd7(-e8), z.B.} 17. Bc2 Qf7 18. Ng3 Bd7 19. a3 (19. Qd3 g5 {
mit den Ideen g4, Nb4}) 19... Rae8 20. Qd3 g5 $15) 15... Nf8 (15... Rxf3 16.
gxf3 Qh4 17. f4 Nxd4 18. Qxd4 Qxh5 19. Qd3 Nf6 20. Qg3 $14) 16. Ng3 Qf6 17. Be3
e5 $5 18. dxe5 Nxe5 19. Qxd5 Nxf3+ 20. Qxf3 Qxf3 21. gxf3 Be6 22. Be4 $14 {(}
Be5 23. Re2 g5 {- verhindert f4 -} 24. Rae1 $5 Bxa2 $6 25. Nf5 {)}) 14... Nf8 (
14... e5 $6 15. Bb3 $5 (15. dxe5)) 15. a3 ({I thought about} 15. Qd2 Bd7 16.
Nh5 Qe7 17. Bxh6 {(?) but decided I might not be able to get away with a
sacrifice on h6 every round. Both 17...gxh6 and 17...Rxf3 look good for Black.}
) 15... Bd7 16. Qd2 Be8 {To be honest I thought my opponent was going to play
e5 at some point and so it was only now that I realised his true intentions. I
don't play this line very often but was attracted during my preparation by the
nice looking position White gets after 13...Rd8.} (16... e5 $6 17. Nh5 Qe7 18.
dxe5 Nxe5 19. Nxe5 Qxe5 (19... Bxe5 20. Qxd5) 20. Ng3) (16... Re8 17. Rae1 $14)
17. Rac1 (17. Nh5 Qd8 18. Bf4 $14 {kam auch in Betracht:} Bxf4 19. Nxf4 g5 20.
Ne2) 17... Rc7 18. Ne1 {Solid plan to play f4. More enterprising was} (18. Ne5
$5 Nxe5 19. dxe5 Bxe5 20. f4 Bd6 (20... Bxb2 21. Bh7+ Nxh7 22. Rxc7 b6 (22...
Bc6 $2 23. Ne2 $1 {- Plan Nd4 -} Nf8 $2 24. Rb1 Ba1 25. Nd4 $18) 23. Qb4 $5 Qd8
24. Rc2 Bf6 25. Bd4 $14) 21. Ne4 Qe7 (21... dxe4 22. Qxd6 Rd7 23. Qb4 $44) 22.
Nxd6 Qxd6 23. Bd4 {mit guter Kompensation für den Bauern}) 18... Rac8 19. f4
Ne7 20. Nf3 Bg6 21. Bb3 (21. Bxg6 Rxc1 22. Rxc1 Rxc1+ 23. Qxc1 Qxg6 24. Ne5
Bxe5 25. dxe5 b6 26. Ne2 Qd3 27. Qd2 $11) (21. Ba4 $5 Rxc1 22. Rxc1 Rxc1+ 23.
Qxc1 Nf5 24. Nxf5 Bxf5 25. Ne5 $14 (25. Qc8 $2 Be4 $1)) 21... Rxc1 (21... Nf5
22. Rxc7 Rxc7 23. Nxf5 Bxf5 24. Ne5 a6 25. Rc1 Qd8 26. Rxc7 Qxc7 $11) 22. Rxc1
Rxc1+ 23. Qxc1 Nf5 24. Ne5 $5 Nxg3 25. hxg3 Be4 26. Qc8 {[#]} Qe7 $6 ({Dem
Ausgleich näher kam hingegen} 26... Bxe5 27. dxe5 Qg6 {, z.B.} 28. Bf2 $5 (28.
Kf2 Qh5 29. Bc2 (29. Bc5 $2 Qh1 30. Qxf8+ Kh7 31. Ba4 Qxg2+ 32. Ke1 Qxb2) 29...
Bxc2 30. Qxc2 a6 $14 {/=}) (28. Bc5 $4 Qxg3) 28... Qh5 29. Qc1 $5 (29. Qxb7 Qe2
30. Qxa7 (30. Qb4 Qxb2) 30... Bd3 {(Drohung 31...Qf1+ 32. Kh2 Be4-+)} 31. Kh2
Be4 (31... Qh5+ $11) 32. Kg1 Bd3 $11) 29... Qe2 $14 {/=}) 27. Ba4 $6 {
Completely overlooking his reply. I was hoping to get a slightly better
endgame with my bishop on e8 or c8.} (27. Bd1 Qc7 28. Qxc7 Bxc7 29. g4 Ng6 {
Plan Nxe5+/=/=}) 27... Bxa3 $1 ({Vergleichsweise schwach wäre dagegen} 27...
Qc7 $2 {, z.B.} 28. Bd7 Qxc8 (28... Bxe5 $4 29. Bxe6+ Kh7 30. Qxf8 Qc2 31. Bg8+
Kg6 32. Qe8+ Kf6 33. Qe6#) (28... Bf5 29. Qxc7 Bxc7 30. Be8 $14 {/Bc8+/=}) (
28... Kh7 29. Qxc7 Bxc7 30. Bc8 $14) 29. Bxc8 b6 30. g4 $14) 28. Nd7 $2 {[#]} (
{Die Annahme des Scheinopfers war erzwungen, und nach} 28. bxa3 Qxa3 29. Nd7
Qxe3+ 30. Kh2 {scheint Weiß bei den komplizierten Verwicklungen gerade noch
mit einem blauen Auge davonzukommen: [#] Analyse} Qa3 (30... Qf2 $2 31. Qxf8+
Kh7 32. Nf6+ $11 gxf6 (32... Kg6 $4) 33. Qf7+ {, Dauerschach}) 31. Qd8 $1 {
mit Kompensation:} (31. Nxf8 $2 Qxf8 32. Qxe6+ (32. Qxb7 Qf7 $17 (32... a5 $17)
) 32... Kh7 $1 (32... Qf7 $2 33. Qc8+ Kh7 34. Bd7 Qh5+ 35. Bh3 (35. Kg1 $2 Qd1+
36. Kh2 Qc2 $1 $19) 35... b5 {/b6} 36. Qb7 $15) 33. Bb3 Qd8 $1 34. Qf7 a6 35.
Qxb7 (35. f5 Qf6 $19) 35... Qa5 {Plan Qd2-+}) 31... Qb4 (31... Qd6 $4 32. Nf6+)
(31... Qxa4 $2 32. Qxf8+ (32. Nxf8 Qc2 33. Nd7+ Kh7 34. Nf8+ $11) 32... Kh7 33.
Qe8 Qc2 34. Nf8+ $11) 32. Bd1 $1 a6 (32... Bf5 33. Bh5 g6 34. Ne5 $1 (34. Qe8
$2 Qd6 35. Ne5 Qc7 $17) (34. Bf3 {Plan Ne5=}) 34... gxh5 35. Qe8 Bg6 36. Nxg6
Kg7 37. Ne5 $11) (32... Bg6 33. Bg4 Bf7 (33... Bf5 34. Bh5 {wie gehabt}) 34.
Ne5 a6 35. Qc7 Be8 36. Qd8 Qa4 37. Qe7 $11) 33. Bh5 g6 34. Be2 {Plan Ne5, Qf6=}
(34. Bg4 Bf5 35. Ne5 Bxg4 36. Qf6 $11)) 28... Qb4 $2 ({Schwarz verpaßt die
einmalige Chance zum Vorteil, nämlich} 28... Bxb2 $1 {[#] Analyse} 29. Nxf8 (
29. Qxb7 $2 Qa3 $1 $19) (29. Nc5 $2 b6 30. Nd7 (30. Nxe4 $2 Qa3 $1 $19) 30...
e5 31. dxe5 {/fxe5} (31. Nxe5 $2 Qa3 $1 $19) 31... Bf5 32. Qxf8+ Qxf8 33. Nxf8
Kxf8 $19) (29. Kh2 b6 30. Qb8 {/Qa8} Bc3 $17) 29... Qxf8 30. Qxe6+ Kh7 (30...
Qf7 31. Qc8+ Kh7 32. Bd7 g6 $1 {Plan Bf5-/+}) 31. Bb3 (31. Be8 $2 Qf6 $19)
31... Qd8 32. Qf7 Qd6 $17 33. Qxb7 (33. g4 Qc6 $1 (33... Qb4 $2 34. Bxd5) {Plan
} 34. f5 Bc1 $1 35. Qg6+ Kg8 36. Bxc1 Qxc1+ 37. Kh2 Qc7+ 38. Kg1 Qe7) 33... Qb6
(33... Qa3) 34. Qxb6 axb6) 29. bxa3 Qe1+ {Gibt dem Vorposten auf e4 die
Verstärkung (Druck auf Punkt g2) so, daß der Großmeister sich ins Remis durch
Dauerschach retten muß.} 30. Kh2 Qe2 {[#]} 31. Qxf8+ Kh7 32. Nf6+ gxf6 33. Qf7+
Kh8 34. Qf8+ Kh7 35. Qf7+ (35. Qe7+ Kh8 36. Qd8+ Kh7 37. Qc7+ Kh8 (37... Kg6
38. Be8+ Kf5 39. Qh7+ Kg4 40. Qg8+ Kf5 41. g4+) 38. Qb8+ Kh7 39. Qxb7+ Kh8 40.
Qa8+ Kh7 41. Qxa7+ Kh8 42. Qb8+ Kh7 43. Qc7+ Kh8 44. Qd8+ Kh7 45. Qe7+ Kh8 46.
Qxf6+ Kh7 $11) 35... Kh8 36. Qxf6+ Kh7 37. Qe7+ Kh8 38. Qe8+ Kh7 39. Qd7+ Kh8
40. Qc8+ Kg7 41. Qd7+ (41. Qxb7+ Kf6) 41... Kh8 42. Qe8+ Kh7 43. Qf7+ Kh8 44.
Qf8+ {- eine interessante Kampfpartie} 1/2-1/2

[Event "RUS-ch"]
[Site "Elista"]
[Date "1995.??.??"]
[Round "6"]
[White "Daniliuk, Sergey"]
[Black "Smyslov, Vassily V"]
[Result "1/2-1/2"]
[WhiteElo "2390"]
[BlackElo "2565"]
[Annotator "Giese"]
[PlyCount "89"]
[EventDate "1995.10.??"]
[EventType "swiss"]
[EventRounds "11"]
[EventCountry "RUS"]
[SourceTitle "CBM 050"]
[Source "ChessBase"]
[SourceDate "1996.02.01"]
[SourceVersion "1"]
[SourceVersionDate "1996.02.01"]
[SourceQuality "1"]

1. e4 e6 2. d4 d5 3. Nd2 Nf6 4. e5 Nfd7 5. c3 c5 6. Bd3 b6 7. Ne2 Ba6 8. Bxa6
Nxa6 9. O-O g6 10. Nf3 Qc7 11. Qa4 Qb7 12. c4 dxc4 13. Qxc4 b5 14. Qc3 Bg7 15.
Be3 Rc8 16. Rfd1 O-O 17. Ng3 Nb6 18. dxc5 Nd5 19. Qd2 Nxe3 20. Qxe3 Nxc5 21.
Rd4 Qe7 22. Rad1 Rc7 23. h4 Na4 24. Qe2 a6 25. Ne4 Nb6 26. Rd6 Nc4 $1 {[%csl
Re5]} 27. Rxa6 Nxe5 28. Nxe5 Bxe5 29. Qxb5 {[%csl Re5]} Bh2+ $1 {[%csl Rh4]}
30. Kxh2 (30. Kh1 Qxh4 {[%csl Re4]} 31. Qg5 $5 Qxe4 32. Kxh2 Qe2 $132) (30. Kf1
Qxh4 $132 {[%csl Re4]}) 30... Qxh4+ 31. Kg1 Qxe4 $132 32. Ra4 Qc2 33. Rad4 Rc5
34. Qb4 Rfc8 35. g3 e5 36. R4d2 Qf5 37. a4 Kg7 38. a5 Rc4 39. Qa3 Qe4 40. b3
Rc3 41. a6 h5 42. Rd8 Rxg3+ 43. fxg3 Qe3+ 44. Kh1 Qf3+ 45. Kh2 1/2-1/2

[Event "ISR-chT"]
[Site "Israel"]
[Date "2003.03.15"]
[Round "6"]
[White "Gofshtein, Leonid D"]
[Black "Bruk, Ofer"]
[Result "1/2-1/2"]
[WhiteElo "2519"]
[BlackElo "2409"]
[Annotator "Gofshtein,L"]
[PlyCount "58"]
[EventDate "2003.01.??"]
[EventType "team"]
[EventRounds "11"]
[EventCountry "ISR"]
[SourceTitle "CBM 094"]
[Source "ChessBase"]
[SourceDate "2003.05.26"]
[SourceVersion "1"]
[SourceVersionDate "2003.05.26"]
[SourceQuality "1"]

1. e4 {[%mdl 768]} e6 2. d4 d5 3. Nd2 Nf6 4. e5 Nfd7 5. c3 c5 6. Bd3 Nc6 7.
Ngf3 {This opening line is developed by GM Mark Tseitlin, and it's very
popular in Israel as white against French Defense; White is ready to sacrifice
a pawn after 7...Qb6 8.0-0 getting long term compensation there;} Be7 8. O-O g5
{'!?' Knaak.} 9. dxc5 {Almost forced in view of g5-g4 threat;} (9. h3 h5 $13) (
9. Bb5 cxd4 10. Nxd4 Ndxe5 11. Qh5 $44 {Gipslis-Ulybin/URS/1988}) 9... Bxc5 {
9...g4 is very rare move;} (9... g4 $5 10. Nd4 Ncxe5 (10... Ndxe5 11. Bb5 Bd7
12. f4 (12. N2b3 $5) 12... Nxd4 13. Bxd7+ Nxd7 14. cxd4 f5 15. Qe2 Kf7 16. Re1
Nf8 17. b4 Qd7 18. Nb3 $14 {1-0 Nouro,M-Masserey,Y/Aalborg 1991/EXT 2000 (35)})
11. Bb5 Bxc5 12. f4 Nc6 13. N2b3 Bb6 (13... Qb6 14. Bxc6 (14. Nxc5 Qxc5 15.
Bxc6 (15. Be3 Rg8 $13) 15... bxc6 16. Qxg4 Ba6 17. Re1 O-O-O $13) 14... bxc6
15. Nxc5 Nxc5 16. Qxg4 Ba6 17. Re1 O-O-O $13) 14. Kh1 Nxd4 15. Nxd4 a6 16. Ba4
$44 Qh4 {0-1 Vogt,L-Paehtz,T/Glauchau 1987/EXT 2003 (27)}) (9... Nxc5 10. Bb5 (
10. Bc2 g4 11. Nd4 Nxe5 12. Qe2 Bf6 13. b4 Ncd7 14. f4 Nc6 15. N2b3 h5 16. Be3
$44 {1-0 Degraeve,J-Renet,O/Montpellier 1993/EXT 97 (35)}) 10... Bd7 (10... a6
11. Bxc6+ bxc6 12. b4 (12. Nd4 $5 Bb7 13. Qh5 {/\ b4, N2f3+/- Rachels}) 12...
Nd7 13. Nb3 g4 (13... Rg8 14. Nfd4 Nxe5 15. Qh5 Bf6 16. f4 gxf4 17. Bxf4 $44 {
1-0 Smagin,S-Jacimovic,D/Prilep 1992/EXT 2002 (45)}) 14. Nfd4 Nxe5 15. Bf4 $16
Qc7 16. Bxe5 Qxe5 17. Nxc6 Qf4 {1-0 Smirin,I-Poldauf,D/Groningen 1990/CBM 22/
[Knaak] (28)}) 11. Qe2 a6 12. Bxc6 Bxc6 (12... bxc6 13. c4 $14 Rb8 14. b3 Qa5
15. Qe3 Rg8 16. Nd4 $36 {1/2-1/2 Rachels,S-Arencibia,W/Manila 1990/CBM 19/
[Knaak] (58)}) 13. Nd4 Kd7 14. a4 Qc7 15. c4 $36 {1-0 Vogt,L-Feher,G/Eger 1987/
EXT 97 (24)}) (9... Ndxe5 10. Bb5 Bd7 11. b4 h5 12. Re1 $44 {1/2-1/2 Wendland,
J-Willke,H/Germany 1989/EXT 2003 (53)}) 10. Nb3 Be7 11. Re1 $5 (11. Bb5 $5 {
1-0 Pazos,P-Arcila,L/Merida 1991/EXT 2000 (23)} a6 12. Bxc6 bxc6 13. Nfd4 $5 (
13. Re1 c5 $132) 13... Nxe5 14. f4 gxf4 15. Bxf4 Ng6 16. Nxc6 Qb6+ 17. Nbd4 Bc5
$13) 11... g4 12. Nfd4 Ncxe5 {Typical position for this opening line- white
has compensation for sacrificed pawn;} (12... Ndxe5 13. Nxc6 Nxc6 14. Qxg4 $16)
13. Bh6 Bf8 14. Bf4 $5 {14...Bxf8 is simplier and white has strong initiative
for sacrificed pawn;} (14. Bxf8 $5 Kxf8 15. Bb5 Qh4 16. Qd2 $44) 14... Bg7 15.
Nc5 (15. Bb5 $5 {15.Bb5 is common idea in this opening variation;} O-O 16. Bxd7
Nxd7 17. Bd6 Re8 18. Nb5 $36) 15... Nxc5 16. Bxe5 Bxe5 17. Rxe5 Qf6 18. f4 $6 {
Risky move, but didn't face refutation in the game; This was necessary to draw
away the rook;} gxf3 $6 (18... Qxf4 $5 {Black should've accepted the sacrifice,
and white's initiative isn't obvious there;} 19. Bb5+ Kf8 (19... Bd7 20. Qe2
Ne4 21. Bxd7+ Kxd7 22. Rxe4 Qxe4 23. Qb5+ Kc8 24. Qc5+ Kd7 25. Qb5+ $11) 20.
Qe2 Ne4 21. Rh5 Qd2) 19. Nxf3 Bd7 20. Bc2 (20. Qe2 $5) 20... Bc6 21. Qe2 {
White has captured the initiative again; Ra1-f1 is coming next;} Rg8 22. Rf1
$36 Nd7 23. Re3 Qg7 24. Nd4 $5 (24. Ng5 Qxg5 25. Rg3 Qxg3 26. hxg3 Rxg3 $132)
24... O-O-O 25. b4 Nb6 26. Rg3 Qf8 27. Nxe6 Qe7 28. Nxd8 $2 {White takes risks
in time-trouble of black, and makes an error which could lead to the loss of
white even! Black has been defended well till this point, and white doesnt
have any better than to transfer the game to better ending by 28.Nd4;} (28. Nd4
Qxe2 29. Nxe2 Bb5 $132) 28... Qxe2 29. Rxg8 Bb5 {Black is already better here,
but in view of time-trouble, black offered a draw, which was accepted;} 1/2-1/2

[Event "Hoogeveen Essent op"]
[Site "Hoogeveen"]
[Date "2004.10.18"]
[Round "4"]
[White "Zhang, Pengxiang"]
[Black "Gurevich, Mikhail"]
[Result "1/2-1/2"]
[WhiteElo "2519"]
[BlackElo "2644"]
[Annotator "Gurevich,M"]
[PlyCount "83"]
[EventDate "2004.10.15"]
[EventType "swiss"]
[EventRounds "9"]
[EventCountry "NED"]
[SourceTitle "CBM 102 Extra"]
[Source "ChessBase"]
[SourceDate "2004.11.03"]
[SourceVersion "1"]
[SourceVersionDate "2004.11.03"]
[SourceQuality "1"]

1. e4 e6 2. d4 d5 3. Nd2 c5 4. Ngf3 Nf6 5. e5 Nfd7 6. c3 Nc6 7. Bd3 g6 8. h4 h6
(8... Be7 {-Navara,D-Gurevich,M Antalya 2004}) 9. O-O g5 $5 {TN} (9... Qb6 10.
c4 Nxd4 11. cxd5 exd5 12. Nxd4 cxd4 13. Nf3 Bg7 14. Bf4 O-O 15. Qd2 Kh7 16.
Rfe1 Nc5 17. Nxd4 Nxd3 18. Qxd3 Bg4 $132 {0-1 Krupa,M-Socko,M/Warsaw POL 2004/
The Week in Chess 496 (38)}) 10. h5 (10. hxg5 hxg5 11. g4 (11. Re1 g4 12. Nh2
cxd4 $17) 11... Qb6 12. Re1 (12. Qa4 Be7 13. Re1 a6 $13) 12... cxd4 13. cxd4
Nxd4 14. Nxd4 Qxd4 15. Nb3 Qb6 16. Bxg5 Rg8 $132) 10... Qb6 (10... g4 $5 11.
Nh2 Rg8 12. Nxg4 cxd4 13. cxd4 Qh4 14. Ne3 Nxd4 $132) 11. c4 $1 cxd4 12. cxd5
exd5 13. Nb3 (13. e6 fxe6 14. Bg6+ Kd8 15. Nb3 e5 $15) 13... Bg7 14. Nfxd4 Nxd4
(14... Ndxe5 15. Nxc6 bxc6 16. Be3 Qc7 17. Bc5 $40) 15. Be3 Bxe5 16. Re1 $1 O-O
17. Nxd4 Qf6 {[/\18...Nc5]} (17... Qxb2 18. Rb1 Qxa2 19. Nf5 $40) 18. Rc1 Rd8
$1 $15 {[/\Nd7-f8-e6]} 19. Qd2 Nf8 20. Nf3 Bf4 (20... Bxb2 21. Rc2 Ba1 22. Nd4
Bxd4 23. Bxd4 $40) 21. Bxf4 gxf4 22. Qb4 Bg4 $6 (22... Ne6 $5 {(/\23...
Ng5<=>>>)}) 23. Ne5 Bxh5 24. Qxb7 $36 f3 $5 (24... Ne6 25. Nc6 Re8 26. Re5 Bg6
27. Bxg6 $16) (24... Rab8 25. Qxa7 Rxb2 26. Nc6 Rd7 27. Qa3 $1 Kg7 28. Re5 $36)
25. Nc6 $1 fxg2 $1 26. Re3 (26. Nxd8 Qh4 $40) 26... Re8 27. Ne7+ Kh8 28. Qxd5
Bg4 $6 $138 (28... Ne6 29. Rc6 (29. Qxh5 Rxe7 30. Rc4 Rg8 {(/\31...Qxf2)} 31.
Rg4 Rg7 $13)) (28... Bg4 {Diagram}) 29. Rg3 $1 Rad8 $1 (29... h5 30. Qxh5+ Bxh5
31. Rg8#) 30. Rxg4 Rxe7 $1 31. Qxd8 Re1+ 32. Rxe1 Qxd8 $13 33. Bc4 (33. Re3 Ne6
34. Reg3 (34. Kxg2 Qd5+ 35. Be4 Qd2 $132)) (33. Bc4 {Diagram}) 33... Ng6 $1 34.
Bxf7 (34. Kxg2 Qf6 $132) 34... Ne5 $3 35. Rg8+ (35. Rxe5 Qd1+ 36. Kxg2 Qxg4+
$17) 35... Qxg8 36. Bxg8 Nf3+ 37. Kxg2 Nxe1+ 38. Kf1 Nd3 39. Bb3 $5 Kg7 $1 $11
(39... Nxb2 40. Ke2 h5 (40... a5 41. a3 a4 42. Ba2 h5 43. Kd2 h4 44. Kc2 h3 45.
Kxb2) 41. Kd2 h4 42. Kc3 $18) 40. Bc2 (40. Ke2 Nc1+ 41. Kf3 Nxb3 42. axb3 a5
$15) 40... Nxb2 41. Kg2 Kf6 42. Bb3 1/2-1/2

[Event "EU-ch 5th"]
[Site "Antalya"]
[Date "2004.05.28"]
[Round "12"]
[White "Navara, David"]
[Black "Gurevich, Mikhail"]
[Result "1/2-1/2"]
[WhiteElo "2602"]
[BlackElo "2672"]
[Annotator "Gurevich,M"]
[PlyCount "149"]
[EventDate "2004.05.15"]
[EventType "swiss"]
[EventRounds "13"]
[EventCountry "TUR"]
[SourceTitle "CBM 101"]
[Source "ChessBase"]
[SourceDate "2004.07.27"]
[SourceVersion "1"]
[SourceVersionDate "2004.07.27"]
[SourceQuality "1"]

1. e4 e6 2. d4 d5 3. Nd2 c5 4. Ngf3 Nf6 5. e5 Nfd7 6. c3 Nc6 7. Bd3 g6 8. h4 (
8. O-O {-Nesipianu-Gurevich St.Vincent 2004}) 8... Be7 $5 9. O-O {TN} (9. Nf1
cxd4 10. cxd4 Qb6 11. Qa4 Nf8 12. Qb5 {1/2-1/2 Pergel,L-Dobos,J/Hungary 1999/
EXT 2000 (12)}) 9... h6 $5 {[/\10...g5;10...Bxh4]} (9... Bxh4 10. Nxh4 Qxh4 11.
Nf3 Qg4 (11... Qe7 12. Bh6) 12. Be2 $44) 10. Re1 cxd4 (10... g5 $5 11. hxg5
hxg5 12. Nf1 g4 13. N3h2 cxd4 14. cxd4 (14. Nxg4 dxc3 15. bxc3 Nc5) 14... Qb6
$132) (10... c4 $5 11. Bc2 Bxh4 12. Nxh4 Qxh4 $13 {Navara}) 11. cxd4 Bxh4 12.
Nxh4 Qxh4 13. Nf3 Qe7 14. Be3 $5 $44 (14. g3 Nb6 15. Kg2 Bd7 16. Rh1 Qf8 $13 {
(/\17...0-0-0)}) 14... Nb6 $5 {[/\15...Bd7,16...0-0-0<=>>>]} 15. Rc1 Bd7 16. a3
$5 O-O-O (16... Nc4 $6 17. Bxc4 dxc4 18. Nd2 $36) 17. b4 Kb8 18. Bd2 $1 {
[/\19.b5]} (18. b5 Na5 19. Bd2 Nac4 20. Bb4 Qe8 $13) 18... a6 $5 {[/\19...Na7,
20...Bb5]} (18... Qe8 19. b5 Ne7 20. a4 $40 (20. Qb3 Nc4 21. a4 $16)) 19. b5
axb5 20. Bxb5 $40 Rc8 21. Qb3 Na7 {Diagrama} 22. Ba6 $6 (22. Bxd7 $5 Nxd7 23.
Rb1 b6 24. Bb4 Qd8 25. Bd6+ Ka8 26. Rec1 $40) 22... Qd8 $1 (22... bxa6 23.
Qxb6+ Ka8 24. Qxa6 Bb5 25. Qa5 Bc4 26. Rb1 $40) 23. Ba5 Ba4 $1 24. Qb4 (24. Qb2
$142) 24... bxa6 $6 (24... Nc6 $1 25. Rxc6 Rxc6 26. Bd3 Qf8 27. Ra1 $13) 25.
Bxb6 Qd7 26. Rb1 (26. Rxc8+ $5 Rxc8 27. Rb1 $40 Bb5 28. a4 Rc4 29. Qd6+ $1 Qxd6
30. exd6 Rxa4 31. Bxa7+ Kxa7 32. Rxb5 axb5 33. d7 $18) 26... Ka8 $1 (26... Rc4
27. Bc7+ Kxc7 28. Qb6+ Kc8 29. Qb8#) 27. Bxa7 Rc4 $13 28. Qd6 Qxa7 29. Rb6 Bb5
30. Rb1 {[/\31.R1xb5,32.Ra6;} (30. a4 $1 Rxa4 31. Rc1 Qd7 (31... Rc4 32. Ra1
$18) 32. Rc7 $36) 30... Qc7 $1 31. a4 Ka7 $1 $17 32. R6xb5 axb5 33. axb5 Qb6 $2
(33... Qxd6 34. exd6 Rd8 35. Ne5 Rxd6 36. Nxf7 (36. Nxc4 dxc4 $19) 36... Rb6
37. Ne5 Rxd4 38. Nc6+ Rxc6 39. bxc6 Rc4 40. Rb7+ Ka6 41. Rg7 Rc1+ $1 42. Kh2 g5
43. c7 Kb7 44. Re7 Rxc7 45. Rxe6 Rc6 $17) 34. Qa3+ Kb7 35. Nd2 $1 Ra8 (35...
Rxd4 36. Nb3 Rf4 37. Na5+ Kb8 38. Nc6+ $11) 36. Qf3 $1 Rc7 (36... Rxd4 37.
Qxf7+ Qc7 38. Qxe6 Rxd2 39. b6 $11) 37. Nb3 $44 Ra3 $1 38. Nc5+ Qxc5 39. dxc5
Rxf3 40. c6+ Kb6 41. gxf3 Rc8 (41... Ra7 $1 {/\Ra7-a4-c4 Navara} 42. Kg2 Ra4
43. Kg3 g5 44. Rc1 Rc4 45. Rb1 h5 $17) 42. Kg2 Rd8 43. f4 d4 44. Kf1 d3 45. Ke1
d2+ 46. Kd1 $11 Rd3 $6 $138 (46... h5 47. Rb2 h4 48. Rb3 Rh8 49. Rh3 Kxb5 50.
c7 Rc8 51. Rxh4 Rxc7 52. Kxd2 $11) 47. Rb2 h5 48. Rc2 Rd8 49. Rxd2 Rh8 $6 (
49... Rxd2+ $4 50. Kxd2 Kc7 51. Kd3 Kb6 52. Kd4 Kc7 53. Kc5 $18) (49... Rd5 50.
Ke2 Rxb5 51. Rd7 Kxc6 52. Rxf7 Kd5 $11) 50. Rd7 Kxb5 51. c7 Rc8 52. Rxf7 Kc6
53. Re7 Rxc7 54. Rxe6+ Kd5 55. Rxg6 Ke4 $1 56. Rf6 h4 57. e6 h3 58. Rh6 Kf5 (
58... Kxf4 59. Rxh3 Re7 60. Re3 Kf5 61. Ke2 Rxe6 $11 {Navara}) 59. Ke2 h2 60.
Rxh2 Kxe6 $11 61. Kf3 Kf5 62. Rh5+ Kg6 63. Kg4 Rc2 64. f5+ Kf6 65. Rh6+ Kg7 66.
Rg6+ Kf7 67. f3 Rc1 68. Ra6 Rg1+ 69. Kf4 Rb1 70. Ra8 Kf6 71. Ra6+ Kf7 72. Rd6
Ra1 73. f6 Kg6 74. Rb6 Re1 75. f7+ 1/2-1/2

[Event "Tilburg"]
[Site "Tilburg"]
[Date "1991.??.??"]
[Round "2"]
[White "Anand, Viswanathan"]
[Black "Timman, Jan H"]
[Result "0-1"]
[WhiteElo "2650"]
[BlackElo "2630"]
[Annotator "Hansen,Cu"]
[PlyCount "110"]
[EventDate "1991.10.??"]
[EventType "tourn"]
[EventRounds "14"]
[EventCountry "NED"]
[EventCategory "17"]
[SourceTitle "CBM 026"]
[Source "ChessBase"]
[SourceDate "1992.02.01"]
[SourceVersion "1"]
[SourceVersionDate "1992.02.01"]
[SourceQuality "1"]

1. e4 e6 2. d4 d5 3. Nd2 Nf6 4. e5 Nfd7 5. Bd3 b6 6. c3 Ba6 7. Bb1 c5 8. Ne2
Nc6 9. Nf3 Qc7 (9... Be7 10. O-O g5 11. Be3 h6 12. Re1 Qc7 13. h3 O-O-O $10 {
Sznapik,A-Short,N Dubai OL 1986}) (9... b5 10. O-O b4 11. Re1 Bxe2 12. Qxe2
cxd4 13. cxd4 Qb6 14. Be3 Be7 15. Bd3 Rc8 16. Rac1 Rc7 17. h4 $16 {Sznapik,
A-Hort,V Helsinki 1979}) 10. O-O Rc8 (10... h6 11. h4 O-O-O 12. Re1 Kb8 13. Nf4
Rc8 14. Qa4 Bc4 15. h5 $14 {Beshukov,S-Bykhovsky,AV Podolsk 1990}) 11. Re1 Be7
12. Bd2 Na5 13. Nf4 Nc4 14. Bc1 b5 $6 (14... cxd4 15. cxd4 (15. b3 Nb2 $1 16.
Bxb2 dxc3 $19) 15... Bb4 $132 16. Re2 (16. Rf1 Ncxe5) 16... Ncxe5) 15. Bd3 $16
{עe8} cxd4 16. cxd4 Qb6 17. h4 h6 18. b3 Na5 19. Be3 Nc6 20. Rc1 Kd8 21. Qe2
Ba3 22. Rc2 Nb4 23. Rxc8+ Kxc8 24. Bc1 $1 {><c5,g7} Bxc1 25. Rxc1+ Kb8 26. Nh5
Qa5 27. Qd2 Qa3 28. Bb1 Rg8 29. Kh2 (29. Rd1 $5 {/\Df4+-}) 29... Bb7 30. Rd1 $2
(30. Qf4 $18 {/\Dxf7}) 30... Nc6 31. Bh7 (31. Qf4 Qe7) 31... Rh8 32. Bd3 g6 $8
33. Nf6 Nxf6 34. exf6 Qd6+ 35. Kg1 a6 36. Qe3 Qd8 $1 37. Ne5 (37. Qf4+ Qc7)
37... Nxe5 38. Qxe5+ Qc7 39. Rc1 Qxe5 40. dxe5 $14 g5 (40... Rc8 $2 41. Rxc8+
Kxc8 42. Bxg6 $18) 41. h5 Rd8 42. f3 {/\Kg1-f2-e3-d4} d4 $8 {/\Td5} 43. Rc5 Bd5
44. Kf2 Kb7 45. g4 Kb6 46. Rc2 a5 47. Kg3 $6 (47. Bg6 $5 Rf8 (47... Rd7 $6 48.
Rc8)) 47... a4 48. bxa4 Bc4 $1 $132 49. Be4 (49. Bxc4 bxc4 50. Rxc4 d3 51. Rc1
d2 52. Rd1 Kc5 53. Kf2 Kc4 54. Ke2 Kc3 55. a5 Rd5 $19) (49. Bg6 $1 Rd7 (49...
fxg6 50. hxg6 Bd3 51. g7 Bg6 52. axb5 d3 53. Rc6+ Kxb5 54. Rd6 $16) 50. f4 $13)
49... d3 50. Rd2 Kc5 $17 51. Kf2 Kd4 52. a5 b4 53. Bb7 Rd7 54. a6 Bd5 55. Rb2 (
55. Bxd5 Rxd5 56. a7 Ra5 $19) 55... Kc3 {C. Hansen} 0-1